| 000 -ლიდერი |
| ფიქსირებული სიგრძის საკონტროლო ველი |
01754nam a22002537a 4500 |
| 003 - საკონტროლო ნომრის იდენტიფიკატორი |
| საკონტროლო ველი |
Ge_BSU |
| 005 - ბოლო ოპერაციის თარიღი და დრო |
| საკონტროლო ველი |
20230329161931.0 |
| 008 - ფიქსირებული სიგრძის მონაცემთა ელემენტები - ზოგადი ინფორმაცია |
| ფიქსირებული სიგრძის საკონტროლო ველი |
230329b xxu||||| |||| 00| 0 geo d |
| 041 ## - ენის კოდი |
| Language code of text/sound track or separate title |
geo |
| 080 ## - უნივერსალური ათობითი კლასიფიკაციის ინდექსი |
| Universal Decimal Classification number |
378.4:004 უ-45 |
| 245 ## - ცნობა სათაურის შესახებ |
| Title |
უნივერსიტეტის მართვის ინტეგრირებული საინფორმაციო სისტემის შექმნის, დანერგვისა და განვითარების მეთოდოლოგიური საფუძვლები / |
| Statement of responsibility, etc |
ავტორთა ჯგუფი : ს. ჩერნიშენკო, ი. ვოროტნიცკი, მ. ალექსეევი, კ. ბილიოვსკი და სხვ.; რედ. ს. ჩერნიშენკო, ი. ვოროტნიცკი; ტემპუსის პროგრამა. |
| 264 ## - წარმოების, გამოცემის, დისტრიბუციის და სხვა ცნობები |
| გამოცემის, წარმოების, დისტრიბუციის... ადგილი |
[ქუთაისი], |
| გამოცემის, წარმოების, დისტრიბუციის... თარიღი |
2015. |
| 300 ## - ფიზიკური აღწერა |
| Extent |
240 გვ.; |
| Other physical details |
30 სმ. |
| 504 ## - BIBLIOGRAPHY, ETC. NOTE |
| Bibliography, etc |
ბიბლიოგრ. გვ.235-238 |
| 653 ## - INDEX TERM--UNCONTROLLED |
| Uncontrolled term |
უნივერსიტეტის მართვის სისტემა |
| 700 ## - ADDED ENTRY--PERSONAL NAME |
| Personal name |
ჩერნიშენკო, ს. |
| Relator term |
ავტორი |
| 9 (RLIN) |
17331 |
| 700 ## - ADDED ENTRY--PERSONAL NAME |
| Personal name |
ვოროტნიცკი, ი. |
| Relator term |
ავტორი |
| 9 (RLIN) |
17332 |
| 700 ## - ADDED ENTRY--PERSONAL NAME |
| Personal name |
ალექსეევი, მ. |
| Relator term |
ავტორი |
| 9 (RLIN) |
17333 |
| 700 ## - ADDED ENTRY--PERSONAL NAME |
| Personal name |
ბილიოვსკი, კ. და სხვ.; |
| Relator term |
ავტორი |
| 9 (RLIN) |
17334 |
| 700 ## - ADDED ENTRY--PERSONAL NAME |
| Personal name |
ჩერნიშენკო, ს. |
| Relator term |
რედაქტორი |
| 9 (RLIN) |
17335 |
| 700 ## - ADDED ENTRY--PERSONAL NAME |
| Personal name |
ვოროტნიცკი, ი. |
| Relator term |
რედაქტორი |
| 9 (RLIN) |
17336 |
| 710 ## - ADDED ENTRY--CORPORATE NAME |
| Corporate name or jurisdiction name as entry element |
ტემპუსის პროგრამა |
| 9 (RLIN) |
17337 |
| 942 ## - ADDED ENTRY ELEMENTS (KOHA) |
| Source of classification or shelving scheme |
|
| Koha item type |
წიგნი |